Palabras de mujer : una mirada a la narrativa costarricense
Gardado en:
| Autor Principal: | |
|---|---|
| Formato: | Desconocido |
| Idioma: | Spanish |
| Publicado: |
1997.
|
| Materias: | |
| Etiquetas: |
Engadir etiqueta
Sen Etiquetas, Sexa o primeiro en etiquetar este rexistro!
|
MARC
| LEADER | 000000000a22000000004500 | ||
|---|---|---|---|
| 001 | 002220 | ||
| 008 | 171019b xxu||||| |||| 00| 0 spa d | ||
| 041 | 0 | |a español | |
| 090 | |a Artículo 38: Ampo 2 | ||
| 100 | 1 | |a Cortés, María Lourdes | |
| 245 | 1 | 0 | |a Palabras de mujer : |b una mirada a la narrativa costarricense |c / María Lourdes Cortés Pacheco. |
| 260 | |c 1997. | ||
| 300 | |a 1-30 páginas | ||
| 500 | |a Artículos recopilados por Alvaro Quesada Soto. SIN NÚMERO DE INSCRIPCIÓN | ||
| 650 | 4 | |a LITERATURA COSTARRICENSE |9 76 | |
| 650 | 4 | |a NOVELA | |
| 650 | 4 | |a CRITICA LITERARIA | |
| 650 | 4 | |a IDENTIDAD EN LA LITERATURA | |
| 650 | 4 | |a MUJERES COMO AUTORAS | |
| 650 | 4 | |a GONZALEZ ZELEDON, MANUEL, 1864-1936 | |
| 650 | 4 | |a LA PROPIA | |
| 650 | 4 | |a GARCIA MONGE, JOAQUIN, 1881-1958 | |
| 650 | 4 | |a EL MOTO | |
| 650 | 4 | |a LYRA, CARMEN, SEUDONIMO, 1888-1949 | |
| 650 | 4 | |a DOBLES RODRIGUEZ, FABIAN, 1918-1997 | |
| 650 | 4 | |a EL SITIO DE LAS ABRAS | |
| 650 | 4 | |a NARANJO, CARMEN, 1928- | |
| 942 | |2 ddc |c ARC | ||
| 999 | |c 3085 |d 3085 | ||
